Thomas Love Peacock / (Record no. 20583)
[ view plain ]
| 000 -LEADER | |
|---|---|
| fixed length control field | 00801nam a22002531 4500 |
| 001 - CONTROL NUMBER | |
| control field | 20583 |
| 003 - CONTROL NUMBER IDENTIFIER | |
| rucl marc code | BD-RjUL |
| 005 - DATE AND TIME OF LATEST TRANSACTION | |
| control field | 20211209000602.0 |
| 008 - FIXED-LENGTH DATA ELEMENTS--GENERAL INFORMATION | |
| fixed length control field | 140301s1966 enk 001 0beng |
| 035 ## - SYSTEM CONTROL NUMBER | |
| System control number | (BD-RjUL)20645 |
| 040 ## - CATALOGING SOURCE | |
| Original cataloging agency | DLC |
| Transcribing agency | DLC |
| Modifying agency | DLC |
| -- | BD-RjUL |
| Language of cataloging | eng |
| 041 ## - LANGUAGE CODE | |
| Language code of text/sound track or separate title | eng |
| 082 00 - DEWEY DECIMAL CLASSIFICATION NUMBER | |
| Classification number | 828.709 |
| Author mark and year | PRT 1966 |
| 100 1# - MAIN ENTRY--PERSONAL NAME | |
| Personal name | Priestley, J. B. |
| Fuller form of name | (John Boynton), |
| Dates associated with a name | 1894-1984. |
| 9 (RLIN) | 63515 |
| 245 00 - TITLE STATEMENT | |
| Title | Thomas Love Peacock / |
| Statement of responsibility, etc. | J. B. Priestley. |
| 260 ## - PUBLICATION, DISTRIBUTION, ETC. (IMPRINT) | |
| Place of publication, distribution, etc. | London ; |
| -- | Melbourne [etc.] ; |
| Name of publisher, distributor, etc. | Macmillan ; |
| Place of publication, distribution, etc. | New York : |
| Name of publisher, distributor, etc. | St. Martin's P., |
| Date of publication, distribution, etc. | 1966. |
| 300 ## - PHYSICAL DESCRIPTION | |
| Pagination | xxviii, 215 p. ; |
| Size | 19 cm. |
| 504 ## - BIBLIOGRAPHY, ETC. NOTE | |
| Bibliography, etc | Includes index. |
| 600 10 - SUBJECT ADDED ENTRY--PERSONAL NAME | |
| Personal name | Peacock, Thomas Love, |
| Dates associated with a name | 1785-1866. |
| 650 #0 - SUBJECT ADDED ENTRY--TOPICAL TERM | |
| Topical term or geographic name as entry element | Authors, English |
| Chronological subdivision | 19th century |
| General subdivision | Biography. |
| 9 (RLIN) | 55720 |
| 942 ## - ADDED ENTRY ELEMENTS (KOHA) | |
| Source of classification or shelving scheme | Dewey Decimal Classification |
| Koha item type | Books |
| Lost status | Source of classification or shelving scheme | Damaged status | Not for loan | Collection code | Permanent Location | Current Location | Shelving location | Date acquired | Source of acquisition | Cost, normal purchase price | Total Checkouts | Full call number | Date last seen | Copy number | Koha item type |
|---|---|---|---|---|---|---|---|---|---|---|---|---|---|---|---|
| Dewey Decimal Classification | Non-fiction | Central Library, University of Rajshahi | Central Library, University of Rajshahi | 23/10/1968 | Zitlinger | 25.00 | 828.709 PRT 1966 | 01/03/2014 | C-2 | Books | |||||
| Dewey Decimal Classification | Added to bundle | Fiction | Central Library, University of Rajshahi | Central Library, University of Rajshahi | Reading Room | 23/10/1968 | Zeitlinger | 25.00 | 828.709 PRT 1966 | 04/03/2014 | C-1 | Books |